| 000 | 00819nam a2200265 a 4500 | ||
|---|---|---|---|
| 999 |
_c7673 _d7673 |
||
| 001 | 991036637359706706 | ||
| 003 | OSt | ||
| 005 | 20230327131852.0 | ||
| 008 | 051125s1975 spca || 000 ||spa | ||
| 017 |
_aDL B. 39543-1975 _bBiblioteca de Catalunya |
||
| 020 | _a8485163117 | ||
| 035 | _a(ES-BaCBU).b34346454 | ||
| 035 | _a(OCoLC)803068069 | ||
| 040 |
_aES-BaBC _bcat _cCDMR |
||
| 080 | _a860-7-057.4(460)"19" | ||
| 100 | 1 | _aVilabella, José Manuel, | |
| 245 | 1 | 4 |
_aLos Humoristas / _cJ.M. Vilabella Guardiola |
| 260 |
_aBarcelona : _bAmaika, _c1975 |
||
| 300 |
_a304 p. : _bil. ; _c24 cm |
||
| 650 | 7 |
_aHumorisme gràfic espanyol _zEspanya _yS. XX. _2lemac |
|
| 907 |
_a.b34346454 _b15-02-21 _c09-05-08 _d07-05-08 _em _fa _g- _hspa _ispc _j4 _k2 |
||
| 908 |
_aBAB _aBC _aUAB _aGEPA |
||
| 940 | _aBC | ||
| 942 |
_2udc _cMON |
||